000 00300nab a22001097u 4500
008 130520b1983 xxu||||| |||| 00| 0 spa d
041 _aspa
100 1 _aKalkes, C.
_967193
245 0 0 _aMaría y las mujeres
_cC. Kalkes
773 0 _tConcilium
_gV.3,1983,págs.283-292
_x0210-1041
_wRev134
942 _cAR
999 _c355023
_d355023